Language teaching teachniques
محفوظ في:
| التنسيق: | كتاب |
|---|---|
| منشور في: |
1975
|
| الوسوم: |
إضافة وسم
لا توجد وسوم, كن أول من يضع وسما على هذه التسجيلة!
|
| Thư viện lưu trữ: | Mạng thư viện Đại học Đà Nẵng |
|---|
| LEADER | 00431nam a22001811a 4500 | ||
|---|---|---|---|
| 001 | 000038061 | ||
| 003 | 14356 | ||
| 005 | 20160412021219.0 | ||
| 008 | 160412s1975 000 | ||
| 082 | |a 4A(07)1600 | ||
| 245 | |a Language teaching teachniques |c Nation | ||
| 260 | |c 1975 | ||
| OWN | |a LNN | ||
| 999 | |a From the UDN01 | ||
| TYP | |a Monograph | ||
| 980 | |a Mạng thư viện Đại học Đà Nẵng | ||